[Event "DVM U16w 2024"]
[Site "Neumünster GER"]
[Date "2024.12.28"]
[Round "4"]
[White "Lippok, Hanna"]
[Black "Wu, Zixuan Anja"]
[Result "0-1"]
[Termination "normal"]
[Board "10.4"]
[WhiteElo "744"]
[BlackElo "1089"]
[WhiteClock "01:20:14"]
[BlackClock "01:18:37"]
[WhiteTeam "SV Eintracht Tangerhütte"]
[BlackTeam "SG Leipzig"]
[PlyCount "44"]
[WhiteFideId "34681655"]
[BlackFideId "34639934"]
[EventCountry "GER"]
[EventRounds "7"]
[EventType "team-swiss"]
[EventDate "2024.12.26"]

1. e4 {[%clk 01:30:53]} {[%emt 00:00:06]} e6 {[%clk 01:30:59]} {[%emt
00:00:02]} 2. d4 {[%clk 01:31:06]} {[%emt 00:00:16]} d5 {[%clk 01:31:18]}
{[%emt 00:00:12]} 3. Bd3 {[%clk 01:30:55]} {[%emt 00:00:40]} dxe4 {[%clk
01:31:24]} {[%emt 00:00:24]} 4. Bxe4 {[%clk 01:31:05]} {[%emt 00:00:20]} Nf6
{[%clk 01:31:38]} {[%emt 00:00:15]} 5. Nc3 {[%clk 01:30:59]} {[%emt 00:00:37]}
Be7 {[%clk 01:31:45]} {[%emt 00:00:23]} 6. Nf3 {[%clk 01:31:03]} {[%emt
00:00:26]} O-O {[%clk 01:31:56]} {[%emt 00:00:19]} 7. O-O {[%clk 01:31:24]}
{[%emt 00:00:08]} Nxe4 {[%clk 01:29:48]} {[%emt 00:02:39]} 8. Nxe4 {[%clk
01:31:30]} {[%emt 00:00:24]} Nc6 {[%clk 01:29:02]} {[%emt 00:01:17]} 9. a3
{[%clk 01:29:56]} {[%emt 00:02:04]} b6 {[%clk 01:27:01]} {[%emt 00:02:31]} 10.
Bg5 {[%clk 01:29:01]} {[%emt 00:01:24]} Bb7 {[%clk 01:26:37]} {[%emt 00:00:54]}
11. Re1 {[%clk 01:27:11]} {[%emt 00:02:20]} Bxg5 {[%clk 01:26:03]} {[%emt
00:01:04]} 12. Nexg5 {[%clk 01:27:08]} {[%emt 00:00:33]} Qf6 {[%clk 01:24:50]}
{[%emt 00:01:38]} 13. d5 {[%clk 01:25:39]} {[%emt 00:02:05]} Rad8 {[%clk
01:22:43]} {[%emt 00:02:28]} 14. Ne4 {[%clk 01:24:32]} {[%emt 00:01:45]} Qxb2
{[%clk 01:20:34]} {[%emt 00:02:38]} 15. Re2 {[%clk 01:22:05]} {[%emt 00:02:58]}
Rxd5 {[%clk 01:20:14]} {[%emt 00:00:51]} 16. Rd2 {[%clk 01:21:38]} {[%emt
00:00:56]} Rfd8 {[%clk 01:19:40]} {[%emt 00:01:03]} 17. c4 {[%clk 01:20:44]}
{[%emt 00:01:24]} Rxd2 {[%clk 01:19:36]} {[%emt 00:00:35]} 18. Nexd2 {[%clk
01:20:52]} {[%emt 00:00:23]} Ne5 {[%clk 01:17:21]} {[%emt 00:02:41]} 19. Nxe5
{[%clk 01:20:19]} {[%emt 00:01:06]} Qxe5 {[%clk 01:17:39]} {[%emt 00:00:12]}
20. a4 {[%clk 01:20:37]} {[%emt 00:00:13]} Rxd2 {[%clk 01:18:00]} {[%emt
00:00:09]} 21. Qxd2 {[%clk 01:19:58]} {[%emt 00:01:08]} Qxa1+ {[%clk 01:18:12]}
{[%emt 00:00:18]} 22. Qe1 {[%clk 01:20:14]} {[%emt 00:00:15]} Qxe1# {[%clk
01:18:37]} {[%emt 00:00:05]} 0-1

[Event "DVM U16w 2024"]
[Site "Neumünster GER"]
[Date "2024.12.30"]
[Round "7"]
[White "Neumann, Helena"]
[Black "Averkova, Mariia"]
[Result "1-0"]
[Termination "normal"]
[Board "1.1"]
[WhiteElo "2041"]
[BlackElo "1765"]
[WhiteClock "00:50:27"]
[BlackClock "00:38:43"]
[WhiteTeam "SG Porz"]
[BlackTeam "FC Bayern München"]
[PlyCount "79"]
[WhiteFideId "16275365"]
[BlackFideId "34651470"]
[EventCountry "GER"]
[EventRounds "7"]
[EventType "team-swiss"]
[EventDate "2024.12.26"]

1. e4 {[%clk 01:30:59]} d5 {[%clk 01:30:54]} {[%emt 00:00:07]} 2. exd5 {[%clk
01:31:24]} {[%emt 00:00:05]} Nf6 {[%clk 01:31:20]} {[%emt 00:00:04]} 3. d4
{[%clk 01:31:35]} {[%emt 00:00:18]} Bg4 {[%clk 01:31:40]} {[%emt 00:00:10]} 4.
Be2 {[%clk 01:30:14]} {[%emt 00:01:52]} Bxe2 {[%clk 01:31:45]} {[%emt
00:00:25]} 5. Qxe2 {[%clk 01:30:15]} {[%emt 00:00:29]} Qxd5 {[%clk 01:31:00]}
{[%emt 00:01:15]} 6. Nf3 {[%clk 01:30:38]} {[%emt 00:00:06]} Nc6 {[%clk
01:30:38]} {[%emt 00:00:52]} 7. c4 {[%clk 01:29:29]} {[%emt 00:01:40]} Qh5
{[%clk 01:28:28]} {[%emt 00:02:40]} 8. d5 {[%clk 01:27:03]} {[%emt 00:02:55]}
Nb4 {[%clk 01:28:11]} {[%emt 00:00:48]} 9. O-O {[%clk 01:24:42]} {[%emt
00:02:50]} Qf5 {[%clk 01:23:30]} {[%emt 00:05:12]} 10. Nd4 {[%clk 01:22:20]}
{[%emt 00:02:52]} Qd3 {[%clk 01:22:26]} {[%emt 00:01:34]} 11. Qxd3 {[%clk
01:18:05]} {[%emt 00:04:45]} Nxd3 {[%clk 01:22:46]} {[%emt 00:00:09]} 12. Nb5
{[%clk 01:18:28]} {[%emt 00:00:07]} Kd7 {[%clk 01:20:18]} {[%emt 00:02:58]} 13.
N1c3 {[%clk 01:18:37]} {[%emt 00:00:22]} a6 {[%clk 01:20:24]} {[%emt 00:00:24]}
14. Nd4 {[%clk 01:19:03]} {[%emt 00:00:04]} Rd8 {[%clk 01:19:49]} {[%emt
00:01:05]} 15. Rd1 {[%clk 01:17:53]} {[%emt 00:01:39]} Nc5 {[%clk 01:18:26]}
{[%emt 00:01:53]} 16. Nf3 {[%clk 01:17:25]} {[%emt 00:01:00]} Ke8 {[%clk
01:14:55]} {[%emt 00:04:01]} 17. Bf4 {[%clk 01:13:27]} {[%emt 00:04:27]} Rc8
{[%clk 01:15:06]} {[%emt 00:00:19]} 18. Rd4 {[%clk 01:12:00]} {[%emt 00:01:57]}
h6 {[%clk 01:10:14]} {[%emt 00:05:23]} 19. b4 {[%clk 01:11:06]} {[%emt
00:01:23]} Ncd7 {[%clk 01:09:52]} {[%emt 00:00:52]} 20. h4 {[%clk 01:08:48]}
{[%emt 00:02:48]} g6 {[%clk 01:08:15]} {[%emt 00:02:06]} 21. c5 {[%clk
01:05:06]} {[%emt 00:04:12]} Bg7 {[%clk 01:03:32]} {[%emt 00:05:13]} 22. Re1
{[%clk 01:02:26]} {[%emt 00:03:10]} Nh5 {[%clk 01:00:09]} {[%emt 00:03:53]} 23.
Be5 {[%clk 01:02:18]} {[%emt 00:00:38]} Nxe5 {[%clk 00:57:14]} {[%emt
00:03:26]} 24. Nxe5 {[%clk 01:02:43]} {[%emt 00:00:05]} Bxe5 {[%clk 00:57:05]}
{[%emt 00:00:38]} 25. Rxe5 {[%clk 01:03:08]} {[%emt 00:00:05]} f6 {[%clk
00:56:39]} {[%emt 00:00:56]} 26. Re1 {[%clk 01:03:26]} {[%emt 00:00:12]} Kf7
{[%clk 00:56:14]} {[%emt 00:00:55]} 27. a4 {[%clk 00:58:46]} {[%emt 00:05:11]}
f5 {[%clk 00:54:19]} {[%emt 00:02:25]} 28. a5 {[%clk 00:55:25]} {[%emt
00:03:51]} Rhd8 {[%clk 00:53:13]} {[%emt 00:01:35]} 29. Red1 {[%clk 00:52:54]}
{[%emt 00:03:02]} Nf6 {[%clk 00:52:54]} {[%emt 00:00:48]} 30. Na4 {[%clk
00:48:54]} {[%emt 00:04:30]} h5 {[%clk 00:49:34]} {[%emt 00:03:50]} 31. f3
{[%clk 00:48:08]} {[%emt 00:01:16]} Kf8 {[%clk 00:45:22]} {[%emt 00:04:43]} 32.
c6 {[%clk 00:47:45]} {[%emt 00:00:52]} Rb8 {[%clk 00:44:23]} {[%emt 00:01:29]}
33. Nc5 {[%clk 00:47:56]} {[%emt 00:00:20]} bxc6 {[%clk 00:44:07]} {[%emt
00:00:46]} 34. Ne6+ {[%clk 00:48:21]} {[%emt 00:00:05]} Ke8 {[%clk 00:44:24]}
{[%emt 00:00:12]} 35. Nxd8 {[%clk 00:48:47]} {[%emt 00:00:05]} Rxd8 {[%clk
00:44:37]} {[%emt 00:00:17]} 36. dxc6 {[%clk 00:49:13]} {[%emt 00:00:04]} Rxd4
{[%clk 00:43:25]} {[%emt 00:01:42]} 37. Rxd4 {[%clk 00:49:37]} {[%emt
00:00:05]} e5 {[%clk 00:40:42]} {[%emt 00:03:13]} 38. Rd1 {[%clk 00:49:48]}
{[%emt 00:00:20]} Kf8 {[%clk 00:40:37]} {[%emt 00:00:35]} 39. b5 {[%clk
00:50:03]} {[%emt 00:00:15]} Ne8 {[%clk 00:38:43]} {[%emt 00:02:23]} 40. bxa6
{[%clk 00:50:27]} {[%emt 00:00:06]} 1-0

[Event "DVM U16w 2024"]
[Site "Neumünster GER"]
[Date "2024.12.30"]
[Round "7"]
[White "Prokscha, Charlotte"]
[Black "Göb, Franziska"]
[Result "1-0"]
[Termination "normal"]
[Board "1.2"]
[WhiteElo "1627"]
[BlackElo "1573"]
[WhiteClock "00:17:30"]
[BlackClock "00:17:18"]
[WhiteTeam "FC Bayern München"]
[BlackTeam "SG Porz"]
[PlyCount "115"]
[WhiteFideId "34614699"]
[BlackFideId "16293177"]
[EventCountry "GER"]
[EventRounds "7"]
[EventType "team-swiss"]
[EventDate "2024.12.26"]

1. c4 {[%clk 01:30:55]} {[%emt 00:00:04]} c6 {[%clk 01:30:53]} {[%emt
00:00:08]} 2. Nc3 {[%clk 01:31:10]} {[%emt 00:00:14]} d5 {[%clk 01:30:15]}
{[%emt 00:01:08]} 3. d4 {[%clk 01:29:56]} {[%emt 00:01:44]} Nf6 {[%clk
01:29:14]} {[%emt 00:01:32]} 4. Nf3 {[%clk 01:29:56]} {[%emt 00:00:29]} e6
{[%clk 01:29:08]} {[%emt 00:00:37]} 5. e3 {[%clk 01:28:51]} {[%emt 00:01:34]}
Nbd7 {[%clk 01:28:51]} {[%emt 00:00:47]} 6. Bd3 {[%clk 01:27:00]} {[%emt
00:02:20]} dxc4 {[%clk 01:28:29]} {[%emt 00:00:53]} 7. Bxc4 {[%clk 01:27:23]}
{[%emt 00:00:07]} b5 {[%clk 01:28:53]} {[%emt 00:00:06]} 8. Be2 {[%clk
01:27:19]} {[%emt 00:00:34]} Bd6 {[%clk 01:27:27]} {[%emt 00:01:56]} 9. e4
{[%clk 01:16:16]} {[%emt 00:11:33]} e5 {[%clk 01:17:03]} {[%emt 00:10:54]} 10.
dxe5 {[%clk 01:04:28]} {[%emt 00:12:18]} Nxe5 {[%clk 01:10:07]} {[%emt
00:07:27]} 11. Nxe5 {[%clk 00:56:36]} {[%emt 00:08:21]} Bxe5 {[%clk 01:07:35]}
{[%emt 00:03:02]} 12. Qxd8+ {[%clk 00:56:52]} {[%emt 00:00:14]} Kxd8 {[%clk
01:08:00]} {[%emt 00:00:06]} 13. f3 {[%clk 00:56:59]} {[%emt 00:00:22]} Bxc3+
{[%clk 00:52:24]} {[%emt 00:16:06]} 14. bxc3 {[%clk 00:57:13]} {[%emt
00:00:15]} Kd7 {[%clk 00:49:31]} {[%emt 00:03:24]} 15. Bg5 {[%clk 00:52:17]}
{[%emt 00:05:25]} Ke6 {[%clk 00:42:32]} {[%emt 00:07:29]} 16. O-O-O {[%clk
00:48:18]} {[%emt 00:04:30]} Bb7 {[%clk 00:29:45]} {[%emt 00:13:16]} 17. Rhe1
{[%clk 00:42:39]} {[%emt 00:06:09]} h6 {[%clk 00:26:18]} {[%emt 00:03:57]} 18.
Bh4 {[%clk 00:41:50]} {[%emt 00:01:17]} g5 {[%clk 00:25:22]} {[%emt 00:01:27]}
19. Bf2 {[%clk 00:42:06]} {[%emt 00:00:14]} a6 {[%clk 00:21:17]} {[%emt
00:04:36]} 20. Bb6 {[%clk 00:36:33]} {[%emt 00:06:03]} Rac8 {[%clk 00:19:27]}
{[%emt 00:02:20]} 21. Bc5 {[%clk 00:32:11]} {[%emt 00:04:52]} Rhd8 {[%clk
00:15:37]} {[%emt 00:04:21]} 22. g3 {[%clk 00:29:46]} {[%emt 00:02:54]} Nd7
{[%clk 00:14:13]} {[%emt 00:01:54]} 23. Bf2 {[%clk 00:29:52]} {[%emt 00:00:24]}
c5 {[%clk 00:12:40]} {[%emt 00:02:03]} 24. f4 {[%clk 00:26:41]} {[%emt
00:03:41]} Ke7 {[%clk 00:09:05]} {[%emt 00:04:05]} 25. Bg4 {[%clk 00:24:23]}
{[%emt 00:02:48]} Rc7 {[%clk 00:07:55]} {[%emt 00:01:41]} 26. e5 {[%clk
00:22:36]} {[%emt 00:02:17]} Nf8 {[%clk 00:05:36]} {[%emt 00:02:49]} 27. Rxd8
{[%clk 00:21:58]} {[%emt 00:01:08]} Kxd8 {[%clk 00:06:01]} {[%emt 00:00:05]}
28. Rd1+ {[%clk 00:22:21]} {[%emt 00:00:07]} Ke7 {[%clk 00:05:59]} {[%emt
00:00:32]} 29. Rd6 {[%clk 00:21:47]} {[%emt 00:01:02]} Ng6 {[%clk 00:04:13]}
{[%emt 00:02:18]} 30. Bh5 {[%clk 00:19:50]} {[%emt 00:02:25]} gxf4 {[%clk
00:03:26]} {[%emt 00:01:19]} 31. Bxg6 {[%clk 00:20:03]} {[%emt 00:00:17]} fxg6
{[%clk 00:03:49]} {[%emt 00:00:07]} 32. Rxg6 {[%clk 00:20:15]} {[%emt
00:00:18]} f3 {[%clk 00:02:57]} {[%emt 00:01:21]} 33. Rxh6 {[%clk 00:20:22]}
{[%emt 00:00:23]} c4 {[%clk 00:02:55]} {[%emt 00:00:33]} 34. Rh7+ {[%clk
00:20:28]} {[%emt 00:00:24]} Kd8 {[%clk 00:03:12]} {[%emt 00:00:13]} 35. Bb6
{[%clk 00:15:06]} {[%emt 00:05:51]} f2 {[%clk 00:02:29]} {[%emt 00:01:13]} 36.
Rh8+ {[%clk 00:14:55]} {[%emt 00:00:41]} Ke7 {[%clk 00:02:05]} {[%emt
00:00:55]} 37. Bxf2 {[%clk 00:15:17]} {[%emt 00:00:08]} Ke6 {[%clk 00:01:59]}
{[%emt 00:00:36]} 38. Bd4 {[%clk 00:15:31]} {[%emt 00:00:15]} Rf7 {[%clk
00:01:45]} {[%emt 00:00:45]} 39. Kb2 {[%clk 00:12:21]} {[%emt 00:03:40]} Kf5
{[%clk 00:01:06]} {[%emt 00:01:09]} 40. Rh4 {[%clk 00:11:45]} {[%emt 00:01:04]}
Ke6 {[%clk 00:01:26]} {[%emt 00:00:12]} 41. Rh6+ {[%clk 00:01:26]} {[%emt
00:10:47]} Kf5 {[%clk 00:28:55]} {[%emt 00:03:01]} 42. e6 {[%clk 00:27:48]}
{[%emt 00:04:08]} Re7 {[%clk 00:26:22]} {[%emt 00:03:03]} 43. Rf6+ {[%clk
00:25:21]} {[%emt 00:02:58]} Kg4 {[%clk 00:25:44]} {[%emt 00:01:08]} 44. Bc5
{[%clk 00:23:50]} {[%emt 00:02:01]} Re8 {[%clk 00:25:20]} {[%emt 00:00:53]} 45.
e7 {[%clk 00:23:46]} {[%emt 00:00:35]} Kg5 {[%clk 00:24:39]} {[%emt 00:01:10]}
46. Rb6 {[%clk 00:23:46]} {[%emt 00:00:29]} Bc8 {[%clk 00:23:55]} {[%emt
00:01:15]} 47. Kc1 {[%clk 00:23:33]} {[%emt 00:00:44]} Kg4 {[%clk 00:23:06]}
{[%emt 00:01:19]} 48. Kd2 {[%clk 00:23:30]} {[%emt 00:00:33]} Kf3 {[%clk
00:22:57]} {[%emt 00:00:38]} 49. Rf6+ {[%clk 00:21:44]} {[%emt 00:02:16]} Ke4
{[%clk 00:23:07]} {[%emt 00:00:19]} 50. Rd6 {[%clk 00:19:10]} {[%emt 00:03:05]}
Bb7 {[%clk 00:19:59]} {[%emt 00:03:40]} 51. Rd4+ {[%clk 00:19:17]} {[%emt
00:00:19]} Ke5 {[%clk 00:18:43]} {[%emt 00:01:48]} 52. Ke3 {[%clk 00:18:55]}
{[%emt 00:00:52]} Ke6 {[%clk 00:18:01]} {[%emt 00:01:12]} 53. h4 {[%clk
00:18:08]} {[%emt 00:01:18]} Kf7 {[%clk 00:17:35]} {[%emt 00:00:56]} 54. Rf4+
{[%clk 00:18:14]} {[%emt 00:00:24]} Kg6 {[%clk 00:17:42]} {[%emt 00:00:22]} 55.
Kd4 {[%clk 00:18:17]} {[%emt 00:00:28]} Kg7 {[%clk 00:16:59]} {[%emt 00:01:14]}
56. Ke5 {[%clk 00:17:42]} {[%emt 00:01:04]} Kg6 {[%clk 00:17:14]} {[%emt
00:00:15]} 57. Kd6 {[%clk 00:17:46]} {[%emt 00:00:25]} Kg7 {[%clk 00:17:18]}
{[%emt 00:00:27]} 58. Kd7 {[%clk 00:17:30]} {[%emt 00:00:45]} 1-0

[Event "DVM U16w 2024"]
[Site "Neumünster GER"]
[Date "2024.12.30"]
[Round "7"]
[White "Siegel, Irene"]
[Black "Paliwal, Kashika"]
[Result "1/2-1/2"]
[Termination "normal"]
[Board "1.3"]
[WhiteElo "1612"]
[BlackElo "1812"]
[WhiteClock "00:07:06"]
[BlackClock "00:12:59"]
[WhiteTeam "SG Porz"]
[BlackTeam "FC Bayern München"]
[PlyCount "90"]
[WhiteFideId "16284380"]
[BlackFideId "34688331"]
[EventCountry "GER"]
[EventRounds "7"]
[EventType "team-swiss"]
[EventDate "2024.12.26"]

1. d4 {[%clk 01:30:58]} {[%emt 00:00:02]} d5 {[%clk 01:30:56]} {[%emt
00:00:05]} 2. c4 {[%clk 01:31:17]} {[%emt 00:00:11]} c6 {[%clk 01:31:22]}
{[%emt 00:00:03]} 3. cxd5 {[%clk 01:31:33]} {[%emt 00:00:15]} cxd5 {[%clk
01:31:43]} {[%emt 00:00:09]} 4. Bf4 {[%clk 01:31:55]} {[%emt 00:00:07]} a6
{[%clk 01:31:25]} {[%emt 00:00:48]} 5. Nc3 {[%clk 01:31:44]} {[%emt 00:00:41]}
Nc6 {[%clk 01:31:18]} {[%emt 00:00:37]} 6. e3 {[%clk 01:31:49]} {[%emt
00:00:25]} Bf5 {[%clk 01:31:12]} {[%emt 00:00:36]} 7. Be2 {[%clk 01:31:54]}
{[%emt 00:00:25]} e6 {[%clk 01:31:04]} {[%emt 00:00:38]} 8. Nf3 {[%clk
01:31:32]} {[%emt 00:00:52]} h6 {[%clk 01:30:15]} {[%emt 00:01:20]} 9. O-O
{[%clk 01:31:20]} {[%emt 00:00:42]} Nf6 {[%clk 01:30:07]} {[%emt 00:00:37]} 10.
h3 {[%clk 01:24:47]} {[%emt 00:07:02]} Bd6 {[%clk 01:27:44]} {[%emt 00:02:54]}
11. Bxd6 {[%clk 01:25:08]} {[%emt 00:00:10]} Qxd6 {[%clk 01:28:08]} {[%emt
00:00:06]} 12. Na4 {[%clk 01:24:36]} {[%emt 00:01:02]} b5 {[%clk 01:26:23]}
{[%emt 00:02:14]} 13. Nc5 {[%clk 01:24:48]} {[%emt 00:00:18]} O-O {[%clk
01:25:32]} {[%emt 00:01:21]} 14. Rc1 {[%clk 01:12:51]} {[%emt 00:12:27]} Ne4
{[%clk 01:17:16]} {[%emt 00:08:46]} 15. Nd2 {[%clk 00:58:38]} {[%emt 00:14:42]}
Nxc5 {[%clk 01:15:04]} {[%emt 00:02:44]} 16. dxc5 {[%clk 00:58:53]} {[%emt
00:00:15]} Qe7 {[%clk 01:10:04]} {[%emt 00:05:27]} 17. Nb3 {[%clk 00:58:15]}
{[%emt 00:01:10]} Ne5 {[%clk 01:08:41]} {[%emt 00:01:52]} 18. Nd4 {[%clk
00:52:47]} {[%emt 00:05:59]} Bg6 {[%clk 01:07:48]} {[%emt 00:01:21]} 19. b4
{[%clk 00:45:01]} {[%emt 00:08:19]} Rac8 {[%clk 01:05:34]} {[%emt 00:02:43]}
20. a4 {[%clk 00:42:37]} {[%emt 00:02:55]} Nc4 {[%clk 00:59:58]} {[%emt
00:06:05]} 21. axb5 {[%clk 00:36:19]} {[%emt 00:06:45]} axb5 {[%clk 00:59:51]}
{[%emt 00:00:39]} 22. Qe1 {[%clk 00:31:31]} {[%emt 00:05:19]} Qb7 {[%clk
00:56:30]} {[%emt 00:03:51]} 23. Qc3 {[%clk 00:25:57]} {[%emt 00:06:03]} e5
{[%clk 00:52:49]} {[%emt 00:04:13]} 24. Nb3 {[%clk 00:26:11]} {[%emt 00:00:16]}
f6 {[%clk 00:50:56]} {[%emt 00:02:22]} 25. Ra1 {[%clk 00:23:47]} {[%emt
00:02:54]} Ra8 {[%clk 00:45:57]} {[%emt 00:05:29]} 26. Rxa8 {[%clk 00:22:39]}
{[%emt 00:01:39]} Rxa8 {[%clk 00:46:15]} {[%emt 00:00:11]} 27. Ra1 {[%clk
00:23:05]} {[%emt 00:00:04]} Rxa1+ {[%clk 00:39:28]} {[%emt 00:07:18]} 28. Qxa1
{[%clk 00:23:24]} {[%emt 00:00:10]} Be8 {[%clk 00:38:34]} {[%emt 00:01:23]} 29.
Na5 {[%clk 00:19:06]} {[%emt 00:04:49]} Qa7 {[%clk 00:35:15]} {[%emt 00:03:49]}
30. Nb3 {[%clk 00:18:07]} {[%emt 00:01:29]} Qa4 {[%clk 00:34:29]} {[%emt
00:01:16]} 31. Qxa4 {[%clk 00:11:39]} {[%emt 00:06:59]} bxa4 {[%clk 00:34:31]}
{[%emt 00:00:27]} 32. Bxc4 {[%clk 00:12:05]} {[%emt 00:00:04]} dxc4 {[%clk
00:34:21]} {[%emt 00:00:40]} 33. Na1 {[%clk 00:12:23]} {[%emt 00:00:12]} Kf7
{[%clk 00:29:26]} {[%emt 00:05:24]} 34. Kf1 {[%clk 00:11:53]} {[%emt 00:01:00]}
Ke6 {[%clk 00:26:59]} {[%emt 00:02:57]} 35. Ke2 {[%clk 00:12:10]} {[%emt
00:00:13]} Kd5 {[%clk 00:26:22]} {[%emt 00:01:08]} 36. f3 {[%clk 00:12:33]}
{[%emt 00:00:08]} f5 {[%clk 00:25:12]} {[%emt 00:01:39]} 37. Kd2 {[%clk
00:12:34]} {[%emt 00:00:29]} a3 {[%clk 00:17:53]} {[%emt 00:07:49]} 38. Nc2
{[%clk 00:10:54]} {[%emt 00:02:10]} a2 {[%clk 00:18:02]} {[%emt 00:00:21]} 39.
Kc3 {[%clk 00:10:57]} {[%emt 00:00:26]} e4 {[%clk 00:15:29]} {[%emt 00:03:04]}
40. f4 {[%clk 00:09:20]} {[%emt 00:02:07]} g5 {[%clk 00:15:36]} {[%emt
00:00:23]} 41. g3 {[%clk 00:09:18]} {[%emt 00:00:31]} Ba4 {[%clk 00:14:55]}
{[%emt 00:01:12]} 42. Na1 {[%clk 00:09:26]} {[%emt 00:00:22]} Bb3 {[%clk
00:15:02]} {[%emt 00:00:23]} 43. Nxb3 {[%clk 00:07:04]} {[%emt 00:02:51]} cxb3
{[%clk 00:14:48]} {[%emt 00:00:45]} 44. Kb2 {[%clk 00:07:26]} {[%emt 00:00:07]}
gxf4 {[%clk 00:12:59]} {[%emt 00:02:19]} 45. gxf4 {[%clk 00:07:06]} {[%emt
00:00:50]} h5 {[%emt 00:01:06]} 1/2-1/2